000 00547nam a22001817a 4500
005 20251108172851.0
008 250721s1995 xx 000 0 ara d
082 1 4 _a616.079/طحا
100 1 _aطحان، أحمد محمد
245 1 0 _aالإلتهابات - الأيدز - السفلس - سرطان الجلد /
264 1 _aبيروت :
_bالدار العربية للعلوم،
_c1995.
300 _a255 ص.
650 1 7 _aالأيدز
650 1 7 _aالمناعة
650 1 7 _aالأمراض
942 _2ddc
_cBK
999 _c90427
_d90427